Daňové priznanie k dani z príjmov fyzických osôb za rok 2003

Základné náležitosti podávania daňového priznania. Vymedzenie daňovníka dane z príjmov fyzických osôb. Miesto podávania daňového priznania. Predmet dane z príjmov fyzických osôb. Praktické príklady.

Saved in:
Bibliographic Details
Main Author: Mackových, Jaroslav
Format: Book Chapter
Language:Slovak
Subjects:
Tags: Add Tag
No Tags, Be the first to tag this record!

MARC

LEADER 00000naa$a2200000$$$4500
001 0004624
005 20240502071348.4
041 0 |a slo 
044 |a SK 
245 1 0 |a Daňové priznanie k dani z príjmov fyzických osôb za rok 2003  |c aut. Jaroslav Mackových 
520 |a Základné náležitosti podávania daňového priznania. Vymedzenie daňovníka dane z príjmov fyzických osôb. Miesto podávania daňového priznania. Predmet dane z príjmov fyzických osôb. Praktické príklady. 
610 2 0 |a priznania daňové 
610 2 0 |a osoby fyzické 
610 2 0 |a sadzby daňové 
610 2 0 |a dane z príjmov 
610 2 0 |a daňovníci 
100 1 |a Mackových, Jaroslav